[Event "Oberliga Nord O 1819"]
[Site "Germany"]
[Date "2019.02.24"]
[Round "7.3"]
[White "Hansch, Stephan"]
[Black "Gazmaga, Stefan"]
[Result "1-0"]
[WhiteElo "2208"]
[BlackElo "2156"]
[PlyCount "107"]
[EventDate "2018.10.21"]
[EventType "team-tourn"]
[EventRounds "9"]
[EventCountry "GER"]
[SourceTitle "EXT 2020"]
[Source "ChessBase"]
[SourceDate "2019.10.17"]
[SourceVersion "1"]
[SourceVersionDate "2019.10.17"]
[SourceQuality "1"]
[WhiteTeam "Potsdam Empor"]
[BlackTeam "Berlin Makkabi"]
[WhiteTeamCountry "GER"]
[BlackTeamCountry "GER"]

1. d4 Nf6 2. Nf3 e6 3. c4 d5 4. g3 dxc4 5. Bg2 Nc6 6. Qa4 Nd7 7. Qxc4 Nb6 8. Qd3 Nb4 9. Qd1 c5 10. 0-0 Nc6 11. Ne5 Nxe5 12. dxe5 Qc7 13. Nc3 Bd7 14. f4 Be7 15. e4 0-0 16. Qe2 Na4 17. Nxa4 Bxa4 18. b3 Bc6 19. Bb2 Qb6 20. Qf2 Bb5 21. Rfd1 Rfd8 22. f5 Qa6 23. f6 Bf8 24. fxg7 Bxg7 25. a4 Be2 26. Bf1 Bxf1 27. Rxf1 Qb6 28. Ba3 Bxe5 29. Qxf7+ Kh8 30. Rac1 Bd4+ 31. Kh1 Qc6 32. Bxc5 Qxe4+ 33. Qf3 Qxf3+ 34. Rxf3 Bxc5 35. Rxc5 Rd7 36. Re3 Re8 37. Kg2 Kg7 38. Kf3 Ree7 39. Ke4 Rd2 40. h4 h6 41. Rec3 Red7 42. Rc7 Kf6 43. Rxd7 Rxd7 44. g4 Rd6 45. Rf3+ Ke7 46. g5 hxg5 47. hxg5 Rd5 48. g6 Kd6 49. Rf7 b5 50. Kf4 e5+ 51. Kf5 e4+ 52. Kxe4 Rg5 53. Rxa7 bxa4 54. bxa4 1-0

[Event "Oberliga Nord O 1819"]
[Site "Germany"]
[Date "2018.11.25"]
[Round "3.4"]
[White "Meissner, Hans Juergen"]
[Black "Gazmaga, Stefan"]
[Result "1/2-1/2"]
[WhiteElo "2226"]
[BlackElo "2156"]
[PlyCount "77"]
[EventDate "2018.10.21"]
[EventType "team-tourn"]
[EventRounds "9"]
[EventCountry "GER"]
[SourceTitle "EXT 2020"]
[Source "ChessBase"]
[SourceDate "2019.10.17"]
[SourceVersion "1"]
[SourceVersionDate "2019.10.17"]
[SourceQuality "1"]
[WhiteTeam "Berlin Empor"]
[BlackTeam "Berlin Makkabi"]
[WhiteTeamCountry "GER"]
[BlackTeamCountry "GER"]

1. e4 c5 2. Nf3 d6 3. d4 cxd4 4. Nxd4 Nf6 5. Nc3 g6 6. Be3 Bg7 7. f3 0-0 8. Qd2 Nc6 9. Bc4 Bd7 10. Bb3 Qa5 11. h4 Rfc8 12. h5 Nxh5 13. Nde2 Ne5 14. Bh6 Nc4 15. Bxc4 Rxc4 16. Bxg7 Kxg7 17. g4 Nf6 18. Qh6+ Kg8 19. 0-0-0 Rac8 20. Rd3 R8c5 21. Rd5 Be6 22. Rd3 b5 23. g5 b4 24. gxf6 exf6 25. Rxd6 bxc3 26. Rxe6 fxe6 27. Qxh7+ Kf8 28. Qd7 cxb2+ 29. Kb1 Rh5 30. Rxh5 gxh5 31. Qd6+ Kf7 32. Qd7+ Kf8 33. Qd6+ Kf7 34. Qd7+ Kg6 35. Qe8+ Kg7 36. Qe7+ Kg6 37. Qe8+ Kg7 38. Qe7+ Kg6 39. Qe8+ 1/2-1/2

[Event "Oberliga Nord O 1819"]
[Site "Germany"]
[Date "2018.11.11"]
[Round "2.3"]
[White "Horn, Sven"]
[Black "Gazmaga, Stefan"]
[Result "0-1"]
[WhiteElo "2095"]
[BlackElo "2156"]
[PlyCount "70"]
[EventDate "2018.10.21"]
[EventType "team-tourn"]
[EventRounds "9"]
[EventCountry "GER"]
[SourceTitle "EXT 2020"]
[Source "ChessBase"]
[SourceDate "2019.10.17"]
[SourceVersion "1"]
[SourceVersionDate "2019.10.17"]
[SourceQuality "1"]
[WhiteTeam "Oberschoeneweide"]
[BlackTeam "Berlin Makkabi"]
[WhiteTeamCountry "GER"]
[BlackTeamCountry "GER"]

1. e4 d6 2. Nf3 Nf6 3. Nc3 e5 4. d4 Nbd7 5. Be2 Be7 6. 0-0 0-0 7. Re1 c6 8. a4 Qc7 9. h3 b6 10. Bf1 Bb7 11. Bg5 a6 12. Nh4 Rfe8 13. Nf5 Bf8 14. Qd2 exd4 15. Qxd4 b5 16. axb5 axb5 17. Rxa8 Bxa8 18. Bf4 Ne5 19. Rd1 b4 20. Qxb4 d5 21. Bxe5 Qxe5 22. Qd4 Nxe4 23. Nxe4 Qxf5 24. Ng3 Qxc2 25. Ra1 Bc5 26. Qf4 Qxb2 27. Rd1 Qe5 28. Qg4 g6 29. Bd3 Qf6 30. Rd2 Bb7 31. Nh5 Re1+ 32. Bf1 Qa1 33. Qd7 Rxf1+ 34. Kh2 Rh1+ 35. Kg3 Qe5+ 0-1

[Event "Oberliga Nord O 1718"]
[Site "Germany"]
[Date "2018.01.21"]
[Round "5.3"]
[White "Simon, Ralf Axel"]
[Black "Gazmaga, Stefan"]
[Result "1-0"]
[WhiteElo "2162"]
[BlackElo "2146"]
[PlyCount "88"]
[EventDate "2017.10.08"]
[EventType "team-tourn"]
[EventRounds "9"]
[EventCountry "GER"]
[SourceTitle "EXT 2019"]
[Source "ChessBase"]
[SourceDate "2018.10.10"]
[SourceVersion "1"]
[SourceVersionDate "2018.10.10"]
[SourceQuality "1"]
[WhiteTeam "Neuruppin"]
[BlackTeam "Berlin Makkabi"]
[WhiteTeamCountry "GER"]
[BlackTeamCountry "GER"]

1. Nf3 f5 2. c4 Nf6 3. Nc3 d6 4. d4 g6 5. e3 Bg7 6. Be2 0-0 7. 0-0 a5 8. b3 c6 9. Qc2 Na6 10. a3 Qc7 11. Bb2 e5 12. Rfc1 e4 13. Nd2 Qe7 14. Na4 Nd7 15. Bc3 Nc7 16. b4 axb4 17. axb4 b5 18. cxb5 cxb5 19. Bb2 Rxa4 20. Qxc7 f4 21. Rxa4 bxa4 22. b5 fxe3 23. fxe3 Bh6 24. Bc4+ Kh8 25. d5+ Kg8 26. Bd4 a3 27. b6 a2 28. b7 Bxb7 29. Qxb7 Qf6 30. Bxf6 Bxe3+ 31. Kh1 Nxf6 32. Qb2 Ng4 33. h3 Nf2+ 34. Kh2 Bf4+ 35. g3 Be5 36. Qxa2 e3 37. Nf1 Ne4 38. Nxe3 Rf3 39. Nf1 Nxg3 40. Nxg3 Rxg3 41. Qa8+ Kf7 42. Kh1 Rxh3+ 43. Kg2 Rh2+ 44. Kf3 h5 1-0

[Event "Oberliga Nord O 1617"]
[Site "Germany"]
[Date "2017.01.15"]
[Round "4.7"]
[White "Gazmaga, Stefan"]
[Black "Maxion, Dirk"]
[Result "1-0"]
[WhiteElo "2132"]
[BlackElo "2207"]
[PlyCount "41"]
[EventDate "2016.10.16"]
[EventType "team-tourn"]
[EventRounds "9"]
[EventCountry "GER"]
[SourceTitle "EXT 2018"]
[Source "ChessBase"]
[SourceDate "2017.10.13"]
[SourceVersion "1"]
[SourceVersionDate "2017.10.13"]
[SourceQuality "1"]
[WhiteTeam "Berlin Makkabi"]
[BlackTeam "Koenig Tegel"]
[WhiteTeamCountry "GER"]
[BlackTeamCountry "GER"]

1. b3 Nf6 2. Bb2 g6 3. f4 Bg7 4. Nf3 0-0 5. e3 d5 6. Be2 c5 7. 0-0 Nc6 8. Qe1 d4 9. Qh4 Bf5 10. Na3 Bxc2 11. Nxc2 d3 12. Bd1 dxc2 13. Bxc2 Nb4 14. Rfc1 Nxc2 15. Rxc2 Rc8 16. Rac1 Ne4 17. Bxg7 Kxg7 18. d4 Rc6 19. dxc5 Qd3 20. Qe1 f6 21. Nd4 1-0

[Event "Oberliga Nord O 1617"]
[Site "Germany"]
[Date "2016.12.04"]
[Round "3.7"]
[White "Kiel, Bernd"]
[Black "Gazmaga, Stefan"]
[Result "0-1"]
[WhiteElo "1993"]
[BlackElo "2132"]
[PlyCount "90"]
[EventDate "2016.10.16"]
[EventType "team-tourn"]
[EventRounds "9"]
[EventCountry "GER"]
[SourceTitle "EXT 2018"]
[Source "ChessBase"]
[SourceDate "2017.10.13"]
[SourceVersion "1"]
[SourceVersionDate "2017.10.13"]
[SourceQuality "1"]
[WhiteTeam "Guestrow/Teterow"]
[BlackTeam "Berlin Makkabi"]
[WhiteTeamCountry "GER"]
[BlackTeamCountry "GER"]

1. e4 c6 2. c4 e5 3. Nf3 d6 4. d4 Nd7 5. Nc3 Ngf6 6. Be2 Be7 7. 0-0 0-0 8. Bd2 Ne8 9. Qc2 Qc7 10. b4 g6 11. Rad1 Ng7 12. Qb3 Nf6 13. d5 Kh8 14. a4 Nfh5 15. dxc6 bxc6 16. c5 dxc5 17. b5 Rb8 18. Qa2 f6 19. bxc6 Qxc6 20. Bb5 Qa8 21. Bc4 a6 22. Nd5 Qa7 23. Be3 Ne6 24. Qa3 Nhg7 25. a5 Re8 26. Nb6 Nd4 27. Qa4 Bg4 28. Bh6 Bxf3 29. gxf3 Nxf3+ 30. Kg2 Nd4 31. Rd3 Nh5 32. Kh1 Red8 33. Rh3 Rd6 34. Bf7 Bf8 35. Bxg6 hxg6 36. Be3 Qf7 37. f4 Qb3 38. Qa1 Qd3 39. fxe5 Qxe4+ 40. Kg1 fxe5 41. Qd1 Kg8 42. Nc4 Rf6 43. Rxf6 Nxf6 44. Rg3 Rb1 45. Bc1 Rxc1 0-1

[Event "Oberliga Nord O 1516"]
[Site "Germany"]
[Date "2016.03.13"]
[Round "8.7"]
[White "Gazmaga, Stefan"]
[Black "Dimitrijeski, Kristian"]
[Result "0-1"]
[WhiteElo "2131"]
[BlackElo "2196"]
[PlyCount "96"]
[EventDate "2015.09.20"]
[EventType "team-tourn"]
[EventRounds "9"]
[EventCountry "GER"]
[SourceTitle "EXT 2017"]
[Source "ChessBase"]
[SourceDate "2016.10.25"]
[SourceVersion "1"]
[SourceVersionDate "2016.10.25"]
[SourceQuality "1"]
[WhiteTeam "Makkabi Berlin"]
[BlackTeam "Koenig Tegel"]
[WhiteTeamCountry "GER"]
[BlackTeamCountry "GER"]

1. c4 c6 2. d4 d5 3. Nf3 Nf6 4. Qc2 dxc4 5. Qxc4 Bf5 6. Nc3 e6 7. g3 Be7 8. Bg2 0-0 9. 0-0 Nbd7 10. h3 Rc8 11. Qa4 a5 12. Nh4 b5 13. Qd1 b4 14. Nxf5 exf5 15. Na4 Ne4 16. Qd3 Ndf6 17. Be3 c5 18. dxc5 Qxd3 19. exd3 Nxc5 20. Nxc5 Bxc5 21. Rac1 Bxe3 22. fxe3 g6 23. Rxc8 Rxc8 24. g4 Rc2 25. gxf5 Rxb2 26. fxg6 Kg7 27. gxf7 Kxf7 28. Bd5+ Ke7 29. Bc4 a4 30. e4 Nd7 31. d4 Rd2 32. d5 Ne5 33. Rc1 Nf3+ 34. Kf1 Rh2 35. Rd1 Kd6 36. Be2 Ne5 37. Ke1 Rxh3 38. Rb1 Kc5 39. Kd2 Rc3 40. d6 Ra3 41. Rb2 h6 42. Kd1 b3 43. axb3 axb3 44. Kd2 Kb4 45. Kc1 Ra1+ 46. Rb1 Ra2 47. Bg4 Nxg4 48. d7 Ra8 0-1

[Event "Oberliga Nord O 0910"]
[Site "Germany"]
[Date "2010.01.24"]
[Round "5.2"]
[White "Gazmaga, Stefan"]
[Black "Kanarek, Marcel"]
[Result "1/2-1/2"]
[WhiteElo "2144"]
[BlackElo "2416"]
[PlyCount "80"]
[EventDate "2009.10.18"]
[EventType "team-tourn"]
[EventRounds "9"]
[EventCountry "GER"]
[SourceTitle "EXT 2011"]
[Source "ChessBase"]
[SourceDate "2010.11.26"]
[SourceVersion "1"]
[SourceVersionDate "2010.11.26"]
[SourceQuality "1"]
[WhiteTeam "Weisse Dame"]
[BlackTeam "Ruedersdorf"]
[WhiteTeamCountry "GER"]
[BlackTeamCountry "GER"]

1. d4 Nf6 2. c4 g6 3. Nc3 d5 4. cxd5 Nxd5 5. e4 Nxc3 6. bxc3 Bg7 7. Be3 c5 8. Rc1 Qa5 9. Qd2 cxd4 10. cxd4 Qxd2+ 11. Kxd2 0-0 12. Bd3 Rd8 13. Ne2 Nc6 14. Rc4 f5 15. f3 fxe4 16. fxe4 Bg4 17. d5 Ne5 18. Rc7 Nxd3 19. Kxd3 e6 20. Bg5 exd5 21. Bxd8 dxe4+ 22. Kxe4 Rxd8 23. Ng3 Be6 24. Re1 Bxa2 25. Kf4 Bd5 26. Ree7 Bf8 27. Rxh7 Bd6+ 28. Kg5 Bxc7 29. Rxc7 Rd6 30. h4 Bxg2 31. h5 gxh5 32. Nxh5 Kf8 33. Nf6 a5 34. Kg6 Be4+ 35. Kg5 Rc6 36. Rxb7 Rc5+ 37. Kf4 Bxb7 38. Nd7+ Ke7 39. Nxc5 Bc6 40. Ke5 a4 1/2-1/2

[Event "Oberliga Nord O 0910"]
[Site "Germany"]
[Date "2009.11.15"]
[Round "2.2"]
[White "Gazmaga, Stefan"]
[Black "Janaszak, Dawid"]
[Result "1/2-1/2"]
[WhiteElo "2144"]
[BlackElo "2312"]
[PlyCount "48"]
[EventDate "2009.10.18"]
[EventType "team-tourn"]
[EventRounds "9"]
[EventCountry "GER"]
[SourceTitle "EXT 2011"]
[Source "ChessBase"]
[SourceDate "2010.11.26"]
[SourceVersion "1"]
[SourceVersionDate "2010.11.26"]
[SourceQuality "1"]
[WhiteTeam "Weisse Dame"]
[BlackTeam "Zehlendorf"]
[WhiteTeamCountry "GER"]
[BlackTeamCountry "GER"]

1. d4 Nf6 2. c4 g6 3. Nc3 d5 4. cxd5 Nxd5 5. e4 Nxc3 6. bxc3 Bg7 7. Be3 c5 8. Rc1 cxd4 9. cxd4 0-0 10. Qd2 Nc6 11. Nf3 Bg4 12. d5 Bxf3 13. gxf3 Ne5 14. Be2 Qd7 15. Bh6 Qh3 16. Bxg7 Nxf3+ 17. Bxf3 Qxf3 18. 0-0 Qg4+ 19. Kh1 Kxg7 20. Qd4+ Kg8 21. Rc7 e6 22. d6 Qf3+ 23. Kg1 Qg4+ 24. Kh1 Qf3+ 1/2-1/2

[Event "Berlin-ch"]
[Site "Berlin"]
[Date "2008.03.27"]
[Round "6"]
[White "Gazmaga, Stefan"]
[Black "Gruzmann, Boris"]
[Result "1-0"]
[WhiteElo "2121"]
[BlackElo "2283"]
[PlyCount "113"]
[EventDate "2008.03.22"]
[EventType "swiss"]
[EventRounds "9"]
[EventCountry "GER"]
[SourceTitle "CBM 123 Extra"]
[Source "ChessBase"]
[SourceDate "2008.05.06"]
[SourceVersion "1"]
[SourceVersionDate "2008.05.06"]
[SourceQuality "1"]

1. c4 g6 2. Nc3 Bg7 3. g3 e5 4. Bg2 Nc6 5. Rb1 d6 6. b4 f5 7. d3 Nh6 8. e3 0-0 9. Nge2 Nf7 10. 0-0 g5 11. b5 Ne7 12. f4 Ng6 13. Qc2 h5 14. Bd2 h4 15. g4 h3 16. Bd5 exf4 17. exf4 gxf4 18. gxf5 Bxf5 19. Kh1 Nge5 20. Nxf4 c6 21. bxc6 bxc6 22. Be4 Qd7 23. d4 Bxe4+ 24. Nxe4 Nxc4 25. Qxc4 d5 26. Qb3 dxe4 27. Ne6 Rab8 28. Qg3 Qxe6 29. Rg1 Ng5 30. Rxb8 e3 31. Rxf8+ Kxf8 32. Rf1+ Nf7 33. Bxe3 Qxa2 34. Qxh3 Qd5+ 35. Qg2 Qe6 36. Qf3 Kg8 37. Rc1 Nd8 38. Rb1 Qd6 39. Qe4 Ne6 40. Rc1 Nxd4 41. Bxd4 Qxd4 42. Qxd4 Bxd4 43. Rxc6 Kf7 44. Kg2 Ke7 45. Kf3 Kd7 46. Rg6 a5 47. Ke4 Bb2 48. Ra6 Bc3 49. h4 Ke7 50. h5 Kf7 51. Kf5 Kg7 52. h6+ Kh7 53. Kg5 Bd4 54. Rxa5 Be3+ 55. Kh5 Bxh6 56. Ra7+ Bg7 57. Rc7 1-0

[Event "Mittelfranken-ch HT 51st"]
[Site "Zirndorf"]
[Date "2002.??.??"]
[Round "2"]
[White "Gazmaga, Stefan"]
[Black "Kaiser, Harald"]
[Result "1/2-1/2"]
[WhiteElo "2140"]
[BlackElo "1906"]
[PlyCount "132"]
[EventDate "2002.03.26"]
[EventType "swiss"]
[EventRounds "9"]
[EventCountry "GER"]
[SourceTitle "EXT 2011"]
[Source "ChessBase"]
[SourceDate "2010.11.26"]
[SourceVersion "1"]
[SourceVersionDate "2010.11.26"]
[SourceQuality "1"]

1. d4 Nf6 2. c4 c5 3. d5 b5 4. cxb5 a6 5. bxa6 Bxa6 6. g3 d6 7. Bg2 g6 8. b3 Bg7 9. Bb2 Nbd7 10. Nh3 0-0 11. 0-0 Ra7 12. Qc2 Qa8 13. Rd1 Rb8 14. Bc3 Nb6 15. Nf4 c4 16. b4 Bb5 17. Qd2 Ba4 18. Rf1 Bh6 19. e4 Bb3 20. a3 Na4 21. Bd4 Rc7 22. Nc3 Nd7 23. Nxa4 Qxa4 24. Bc3 Ne5 25. Qd4 Qa7 26. Ne2 Qxd4 27. Nxd4 Ba4 28. f4 Nd3 29. Rfb1 g5 30. Nf5 Bf8 31. fxg5 Ne5 32. Rb2 e6 33. Ne3 Bg7 34. Nd1 Ra8 35. Kh1 Bxd1 36. Rxd1 Rxa3 37. Rc2 Nd3 38. Bxg7 Kxg7 39. Bf1 Nxb4 40. Rxc4 Rxc4 41. Bxc4 exd5 42. Bxd5 Nxd5 43. Rxd5 Ra4 44. Rxd6 Rxe4 45. Kg2 Re2+ 46. Kh3 Ra2 47. Rh6 Ra4 48. Kg2 Ra2+ 49. Kf3 Ra3+ 50. Kg4 Ra4+ 51. Kh5 Ra2 52. h4 Ra3 53. Kg4 Ra4+ 54. Kh3 Ra5 55. Rf6 Rb5 56. Ra6 Re5 57. Rd6 Ra5 58. Kg4 Ra4+ 59. Kf5 Ra5+ 60. Kf4 Ra4+ 61. Ke5 Ra3 62. h5 Rxg3 63. h6+ Kf8 64. Rd8+ Ke7 65. Rg8 Rxg5+ 66. Rxg5 f6+ 1/2-1/2

[Event "Regionalliga NO 9899"]
[Site "Bayern"]
[Date "1999.??.??"]
[Round "6.1"]
[White "Gazmaga, Stefan"]
[Black "Fink, Martin"]
[Result "1-0"]
[WhiteElo "2135"]
[BlackElo "1890"]
[PlyCount "111"]
[EventDate "1998.??.??"]
[EventType "team-tourn"]
[EventRounds "9"]
[EventCountry "GER"]
[SourceTitle "EXT 2020"]
[Source "ChessBase"]
[SourceDate "2019.10.17"]
[SourceVersion "1"]
[SourceVersionDate "2019.10.17"]
[SourceQuality "1"]
[WhiteTeam "Amberg SG Siemens"]
[BlackTeam "Gunzenhausen"]
[WhiteTeamCountry "GER"]
[BlackTeamCountry "GER"]

1. c4 c5 2. Nc3 Nc6 3. g3 g6 4. Bg2 Bg7 5. a3 Nf6 6. Rb1 0-0 7. b4 cxb4 8. axb4 d6 9. Nf3 Ng4 10. 0-0 Bf5 11. Rb3 Bxc3 12. Rxc3 Nxb4 13. Nd4 Bc8 14. Rb3 a5 15. Ba3 d5 16. d3 Nc6 17. Nxc6 bxc6 18. cxd5 cxd5 19. Rb5 Nf6 20. Qb3 Bd7 21. Rb7 a4 22. Qa2 Ra5 23. Rfb1 Re8 24. R1b6 Bc8 25. Qd2 Ra8 26. Rb8 Nd7 27. Rxa8 Nxb6 28. Ra7 Bd7 29. Qa5 e6 30. Bc5 Nc8 31. Qxd8 Rxd8 32. Ra8 Re8 33. Kf1 f6 34. Ke1 Bc6 35. Ra6 Bd7 36. Kd2 Kf7 37. e3 Rd8 38. Bf3 Ne7 39. Bd1 Bb5 40. Ra7 Rd7 41. Ra8 e5 42. Rh8 h5 43. Rh7+ Ke6 44. Rg7 e4 45. d4 Nf5 46. Rxg6 a3 47. Bxa3 Ra7 48. Bb2 Be8 49. Rg8 Ng7 50. Bb3 Rb7 51. Kc2 Bb5 52. Rc8 Nf5 53. Ba3 Nd6 54. Bxd6 Kxd6 55. Rd8+ Bd7 56. Ba4 1-0

[Event "Regensburg op"]
[Site "Regensburg"]
[Date "1998.??.??"]
[Round "2"]
[White "Gazmaga, Stefan"]
[Black "Lau, Ralf"]
[Result "0-1"]
[WhiteElo "2165"]
[BlackElo "2475"]
[PlyCount "48"]
[EventDate "1998.??.??"]
[EventType "swiss"]
[EventRounds "7"]
[EventCountry "GER"]
[SourceTitle "EXT 2000"]
[Source "ChessBase"]
[SourceDate "1999.11.16"]
[SourceVersion "1"]
[SourceVersionDate "1999.11.16"]
[SourceQuality "1"]

1. c4 b6 2. Nf3 Bb7 3. g3 Bxf3 4. exf3 c5 5. Bg2 Nc6 6. 0-0 g6 7. Nc3 Bg7 8. d3 Nf6 9. Bg5 0-0 10. f4 Re8 11. f5 gxf5 12. Bxf6 Bxf6 13. Qh5 e6 14. g4 fxg4 15. Be4 Ne5 16. Qxh7+ Kf8 17. f4 gxf3 18. Rxf3 Nxf3+ 19. Bxf3 Ke7 20. Bh5 Rg8+ 21. Kh1 Qf8 22. Qe4 Bxc3 23. bxc3 f5 24. Qb7 Rh8 0-1

[Event "Regionalliga NO 9798"]
[Site "Bayern"]
[Date "1998.??.??"]
[Round "?.1"]
[White "Koenig, Larry"]
[Black "Gazmaga, Stefan"]
[Result "0-1"]
[WhiteElo "1745"]
[BlackElo "2135"]
[PlyCount "86"]
[EventDate "1997.10.??"]
[EventType "team-tourn"]
[EventRounds "9"]
[EventCountry "GER"]
[SourceTitle "EXT 2020"]
[Source "ChessBase"]
[SourceDate "2019.10.17"]
[SourceVersion "1"]
[SourceVersionDate "2019.10.17"]
[SourceQuality "1"]
[WhiteTeam "Gunzenhausen"]
[BlackTeam "Amberg SG Siemens"]
[WhiteTeamCountry "GER"]
[BlackTeamCountry "GER"]

1. d4 Nf6 2. Bf4 e6 3. c3 c5 4. e3 cxd4 5. exd4 Be7 6. Nd2 0-0 7. Bd3 d6 8. Qe2 Nbd7 9. h4 Re8 10. Kf1 e5 11. dxe5 dxe5 12. Bg5 Nc5 13. Bc2 b6 14. Rd1 Ba6 15. Nc4 Qc7 16. b3 Rad8 17. Re1 Nd5 18. Bd2 e4 19. Rd1 f5 20. g3 Bf6 21. Nh3 Nxc3 22. Bxc3 Bxc3 23. Kg2 Ne6 24. Qe3 Bd4 25. Qc1 Bf6 26. Ne3 g6 27. Qa3 Be2 28. Rxd8 Bf3+ 29. Kh2 Rxd8 30. Rc1 Qe7 31. Qxe7 Bxe7 32. b4 Nd4 33. Bb1 Bxb4 34. Rc7 Ne6 35. Rc6 Rd6 36. Rc8+ Kg7 37. a3 Bc5 38. Ng2 Rd2 39. Ngf4 Nxf4 40. Nxf4 Rxf2+ 41. Kg1 Rb2+ 42. Rxc5 Rxb1+ 43. Kf2 bxc5 0-1

[Event "Regionalliga NO 9798"]
[Site "Bayern"]
[Date "1998.??.??"]
[Round "?.1"]
[White "Menacher, Manfred"]
[Black "Gazmaga, Stefan"]
[Result "0-1"]
[WhiteElo "2255"]
[BlackElo "2135"]
[PlyCount "104"]
[EventDate "1997.10.??"]
[EventType "team-tourn"]
[EventRounds "9"]
[EventCountry "GER"]
[SourceTitle "EXT 2020"]
[Source "ChessBase"]
[SourceDate "2019.10.17"]
[SourceVersion "1"]
[SourceVersionDate "2019.10.17"]
[SourceQuality "1"]
[WhiteTeam "Neutraubling"]
[BlackTeam "Amberg SG Siemens"]
[WhiteTeamCountry "GER"]
[BlackTeamCountry "GER"]

1. e4 c5 2. Nf3 Nc6 3. Bb5 e6 4. 0-0 Nge7 5. Nc3 a6 6. Bxc6 Nxc6 7. d4 cxd4 8. Nxd4 Qc7 9. Nxc6 Qxc6 10. Re1 f6 11. Qh5+ g6 12. Qh4 Bg7 13. Bh6 Bxh6 14. Qxh6 Qd6 15. e5 Qf8 16. Qd2 f5 17. Na4 b5 18. Nb6 Rb8 19. Qd4 Qe7 20. a4 Bb7 21. axb5 axb5 22. Ra7 Bc6 23. Rea1 Rf8 24. Rc7 Qd8 25. Raa7 Qg5 26. f3 Qc1+ 27. Kf2 Qxc2+ 28. Kf1 Rxb6 29. Rc8+ Kf7 30. Rxd7+ Bxd7 31. Qxd7+ Kg8 32. Rxf8+ Kxf8 33. Qd8+ Kf7 34. Qxb6 Qc1+ 35. Kf2 Qxb2+ 36. Kf1 Qxe5 37. Qb7+ Kg8 38. Qc8+ Kg7 39. Qd7+ Kh6 40. Qd8 Qa1+ 41. Ke2 Qb2+ 42. Ke1 Qc1+ 43. Ke2 Qc4+ 44. Kf2 Qc5+ 45. Ke2 b4 46. h4 Qc1 47. Qb8 Qc4+ 48. Kf2 Qd4+ 49. Kf1 Kh5 50. Qf8 h6 51. Qe7 b3 52. Qxe6 Qd3+ 0-1

[Event "Bayern-chA 68th"]
[Site "Pfarrkirchen"]
[Date "1997.??.??"]
[Round "9"]
[White "Blum, Gernot"]
[Black "Gazmaga, Stefan"]
[Result "0-1"]
[WhiteElo "2130"]
[BlackElo "2210"]
[PlyCount "58"]
[EventDate "1997.08.02"]
[EventType "swiss"]
[EventRounds "9"]
[EventCountry "GER"]
[SourceTitle "EXT 2001"]
[Source "ChessBase"]
[SourceDate "2000.11.22"]
[SourceVersion "1"]
[SourceVersionDate "2000.11.22"]
[SourceQuality "1"]

1. c4 e5 2. g3 Nc6 3. Bg2 Bc5 4. Nc3 Nf6 5. Nf3 d6 6. 0-0 0-0 7. Na4 Re8 8. Nxc5 dxc5 9. d3 h6 10. b3 Bg4 11. h3 Bh5 12. Bb2 Qd6 13. Nh4 Rad8 14. g4 Bg6 15. Nxg6 fxg6 16. Bxc6 Qxc6 17. f3 Nh7 18. Qe1 g5 19. Qg3 Qf6 20. Rad1 Nf8 21. Rd2 Ng6 22. e3 Rd7 23. a3 Qb6 24. Qe1 Qxb3 25. Qb1 Red8 26. Rfd1 Nh4 27. Kf2 Rf8 28. Bxe5 Qxb1 29. Rxb1 Nxf3 0-1